[Event "29. Erfurter Schachfestival 2019 - Meis"]
[Site "Erfurt"]
[Date "2019.12.30"]
[Round "8.7"]
[White "Osmanodja, Filiz"]
[Black "Wichmann, Cliff"]
[Result "0-1"]
[WhiteElo "2214"]
[BlackElo "2298"]
[PlyCount "80"]
[EventDate "2019.12.26"]

1. e4 d6 2. d4 Nf6 3. Bd3 e5 4. Nf3 Nc6 5. d5 Ne7 6. Nh4 h6 7. Nc3 Bg4 8. f3
Bd7 9. g4 Ng6 10. Nf5 Nf4 11. Bxf4 exf4 12. Qd2 g6 13. Nd4 Bg7 14. Nce2 g5 15.
Qb4 Qb8 16. Bb5 Kd8 17. O-O-O a6 18. Bxd7 Nxd7 19. h4 Rg8 20. Nf5 Bf8 21. hxg5
hxg5 22. Rh7 Ne5 23. Ned4 Qa7 24. Rdh1 Kd7 25. Ne6 Re8 26. Qc3 Qb6 27. a4 a5
28. Nfd4 Kc8 29. Nb5 fxe6 30. Nxc7 Re7 31. Nxe6+ Kd7 32. Nxf8+ Rxf8 33. Rxe7+
Kxe7 34. Rh7+ Rf7 35. Rxf7+ Kxf7 36. Qc8 Qg1+ 37. Kd2 Qe3+ 38. Kd1 Qxf3+ 39.
Kd2 Qxg4 40. Qc7+ Qd7 0-1

[Event "29. Erfurter Schachfestival 2019 - Meis"]
[Site "Erfurt"]
[Date "2019.12.30"]
[Round "8.8"]
[White "Weishäutel, Moritz"]
[Black "Kolb, Tobias"]
[Result "0-1"]
[WhiteElo "2231"]
[BlackElo "2185"]
[PlyCount "84"]
[EventDate "2019.12.26"]

1. e4 c6 2. d4 d5 3. exd5 cxd5 4. Bd3 Nc6 5. c3 g6 6. Bf4 Bf5 7. Bxf5 gxf5 8.
Nf3 e6 9. Nbd2 Bd6 10. Bxd6 Qxd6 11. Qe2 Nf6 12. Ne5 Ne4 13. f4 h5 14. Nxe4
fxe4 15. O-O f5 16. Qb5 Rh7 17. Rac1 O-O-O 18. Nxc6 Qxc6 19. Qe2 Kb8 20. c4 Qa6
21. b3 dxc4 22. Qxc4 Qd6 23. Rfd1 Rhd7 24. g3 Qb6 25. Kh1 a6 26. Qe2 h4 27.
gxh4 Rxd4 28. h5 e3 29. Qf3 Rxd1+ 30. Rxd1 Rxd1+ 31. Qxd1 Qc6+ 32. Kg1 Qe4 33.
Qd6+ Kc8 34. Qf8+ Kc7 35. Qg7+ Kd6 36. Qf8+ Kc6 37. Qe8+ Kb6 38. Qa4 Qd5 39.
Qb4+ Ka7 40. Qc3 Qd1+ 41. Kg2 Qe2+ 42. Kg3 Qg4# 0-1

[Event "29. Erfurter Schachfestival 2019 - Meis"]
[Site "Erfurt"]
[Date "2019.12.30"]
[Round "8.9"]
[White "Meißner, Felix"]
[Black "Ortmeier, Leonhard"]
[Result "0-1"]
[WhiteElo "2377"]
[BlackElo "2208"]
[PlyCount "123"]
[EventDate "2019.12.26"]

1. e4 c5 2. Nf3 d6 3. d4 cxd4 4. Nxd4 Nf6 5. Nc3 a6 6. g3 e5 7. Nb3 Nbd7 8. a4
b6 9. Bg2 Bb7 10. O-O Be7 11. Re1 Rc8 12. Nd2 O-O 13. Nf1 h6 14. h3 Qc7 15. Ne3
g6 16. Re2 Kg7 17. Rd2 Rfd8 18. h4 Qc5 19. Rd3 Qc7 20. f3 Bc6 21. Bh3 b5 22.
axb5 axb5 23. b4 Ra8 24. Rb1 Nb6 25. Qd2 Rh8 26. Bf1 Rab8 27. Kh2 h5 28. Bb2
Rhd8 29. Ba1 Kh7 30. Qd1 Bf8 31. Qe1 Bg7 32. Rbd1 Qb7 33. Rxd6 Rxd6 34. Rxd6
Ne8 35. Rd1 Nc4 36. Nxc4 bxc4 37. Bxc4 Qxb4 38. Bxf7 Nf6 39. Bb3 Qc5 40. Qg1
Qa3 41. Nd5 Bxd5 42. exd5 Qd6 43. Qe3 Ng8 44. Re1 Re8 45. Kg2 Nh6 46. Qc3 Nf5
47. Qc6 Qf8 48. c3 Nxg3 49. Kxg3 Qf4+ 50. Kg2 Qd2+ 51. Kf1 Rf8 52. d6 Rf4 53.
Qd5 Qh2 54. Re2 Qh1+ 55. Kf2 e4 56. Re3 Rxh4 57. Rxe4 Rh2+ 58. Ke3 Qg1+ 59. Kd3
Qf1+ 60. Ke3 Qe2+ 61. Kf4 Rh4+ 62. Kg5 0-1

[Event "29. Erfurter Schachfestival 2019 - Meis"]
[Site "Erfurt"]
[Date "2019.12.30"]
[Round "8.10"]
[White "Zimmermann, René"]
[Black "Lagunow, Alexander"]
[Result "0-1"]
[WhiteElo "2184"]
[BlackElo "2374"]
[Annotator "Kohlstädt,Jürgen"]
[PlyCount "52"]
[EventDate "2019.12.26"]

1. d4 Nf6 2. c4 g6 3. Nc3 d5 4. cxd5 Nxd5 5. e4 Nxc3 6. bxc3 Bg7 7. Nf3 c5 8.
Be3 Nc6 9. Qd2 Qa5 10. Rc1 cxd4 11. cxd4 Qxd2+ 12. Kxd2 O-O 13. d5 Rd8 14. Ke1
Na5 15. Bg5 Bf6 16. Bf4 Bd7 17. Bc7 {(=)} Rdc8 18. e5 Bg7 19. Bd3 Nc6 20. dxc6
Rxc7 21. cxb7 Rxc1+ 22. Kd2 Rb8 23. Rxc1 Rxb7 24. Rc2 Bg4 25. Be4 Rb4 26. Ke3
Rxe4+ 0-1

[Event "29. Erfurter Schachfestival 2019 - Meis"]
[Site "Erfurt"]
[Date "2019.12.30"]
[Round "8.11"]
[White "Wong, Gengchun"]
[Black "Derichs, Roger"]
[Result "1/2-1/2"]
[WhiteElo "2180"]
[BlackElo "2311"]
[PlyCount "60"]
[EventDate "2019.12.26"]

1. e4 e6 2. d4 d5 3. Nd2 h6 4. c3 c5 5. Ngf3 Nf6 6. Bd3 cxd4 7. cxd4 dxe4 8.
Nxe4 Be7 9. O-O Nc6 10. Be3 O-O 11. Rc1 Nd5 12. Bb1 Bd7 13. Nc5 Rb8 14. Qc2 f5
15. a3 Bf6 16. Ba2 Qe7 17. Bxd5 exd5 18. Bf4 Rbc8 19. Qb3 Nxd4 20. Qxd5+ Be6
21. Nxe6 Qxe6 22. Qxe6+ Nxe6 23. Be5 Rxc1 24. Rxc1 Ng5 25. Bxf6 Nxf3+ 26. gxf3
Rxf6 27. Rc8+ Rf8 28. Rc5 Rf7 29. Kg2 Kh7 30. Kg3 g5 1/2-1/2

[Event "29. Erfurter Schachfestival 2019 - Meis"]
[Site "Erfurt"]
[Date "2019.12.30"]
[Round "8.12"]
[White "Urban, Lars"]
[Black "Klein, Felix"]
[Result "0-1"]
[WhiteElo "2178"]
[BlackElo "2304"]
[PlyCount "78"]
[EventDate "2019.12.26"]

1. d4 d5 2. c4 e6 3. Nc3 Nf6 4. cxd5 exd5 5. Bg5 Bb4 6. e3 h6 7. Bh4 g5 8. Bg3
Ne4 9. Nge2 h5 10. h4 Nxg3 11. Nxg3 gxh4 12. Nxh5 c6 13. Nf4 Nd7 14. Qb3 Bd6
15. Nd3 Nb6 16. O-O-O Bf5 17. Nc5 Qe7 18. N3a4 Nxa4 19. Nxa4 O-O-O 20. Bd3 Bxd3
21. Qxd3 Qg5 22. Rdg1 Kb8 23. Nc5 Bxc5 24. dxc5 d4 25. Kb1 Qxc5 26. exd4 Qxd4
27. Qxd4 Rxd4 28. Rd1 Rxd1+ 29. Rxd1 Rg8 30. Rg1 Re8 31. Rh1 Re2 32. f3 Rxg2
33. Rxh4 Rg5 34. Re4 Rf5 35. f4 Kc7 36. Kc2 Kd6 37. Kd3 Rh5 38. Re2 c5 39. Ke4
f5+ 0-1

[Event "29. Erfurter Schachfestival 2019 - Meis"]
[Site "Erfurt"]
[Date "2019.12.30"]
[Round "8.14"]
[White "Hartge, Gedeon"]
[Black "Wiley, Tom E"]
[Result "1/2-1/2"]
[WhiteElo "2239"]
[BlackElo "2159"]
[Annotator "Kohlstädt,Jürgen"]
[PlyCount "35"]
[EventDate "2019.12.26"]

1. d4 Nf6 2. c4 e6 3. Nc3 Bb4 4. e3 O-O 5. Bd3 d5 6. a3 Bxc3+ 7. bxc3 dxc4 8.
Bxc4 c5 9. Ne2 Qc7 10. Ba2 b6 11. O-O Ba6 12. Re1 Rd8 13. Bb2 Nc6 14. Rc1 Na5
15. Ng3 Bc4 16. Bxc4 Nxc4 17. Qb3 Na5 18. Qa4 {(=)} 1/2-1/2

[Event "29. Erfurter Schachfestival 2019 - Meis"]
[Site "Erfurt"]
[Date "2019.12.30"]
[Round "8.15"]
[White "Zienert, Richard"]
[Black "Everett, Elijah"]
[Result "1-0"]
[WhiteElo "2171"]
[BlackElo "2230"]
[PlyCount "63"]
[EventDate "2019.12.26"]

1. e4 c5 2. Nf3 d6 3. Bb5+ Nd7 4. O-O a6 5. Bd3 b5 6. Re1 e5 7. a4 c4 8. Bf1
Rb8 9. axb5 axb5 10. d3 cxd3 11. Bxd3 Nc5 12. Nc3 Bd7 13. Be3 Nxd3 14. Qxd3 h6
15. Nd5 Ne7 16. Bd2 Nxd5 17. Qxd5 Be6 18. Qc6+ Bd7 19. Qd5 Be6 20. Qd3 Bc4 21.
Qe3 Be7 22. Bb4 O-O 23. Red1 d5 24. Bxe7 Qxe7 25. exd5 Rbd8 26. Ra7 Qb4 27.
Qxe5 Rfe8 28. Qf4 Qxb2 29. Qxf7+ Kh8 30. h3 Rf8 31. Qg6 Rxd5 32. Rd4 1-0

[Event "29. Erfurter Schachfestival 2019 - Meis"]
[Site "Erfurt"]
[Date "2019.12.30"]
[Round "8.16"]
[White "Neukirchner, Pascal"]
[Black "Brendel, Bergit"]
[Result "1-0"]
[WhiteElo "2224"]
[BlackElo "1970"]
[PlyCount "47"]
[EventDate "2019.12.26"]

1. d4 Nf6 2. c4 g6 3. f3 Bg7 4. e4 d6 5. Nc3 O-O 6. Bg5 Nc6 7. Nge2 a6 8. Qd2
Bd7 9. d5 Na5 10. Ng3 c5 11. Bh6 b5 12. h4 e5 13. dxe6 Bxe6 14. Nd5 Nxc4 15.
Bxc4 bxc4 16. Bxg7 Kxg7 17. Nf4 d5 18. e5 Nd7 19. h5 g5 20. Nxd5 Nxe5 21. Qc3
f6 22. Ne3 Nd3+ 23. Kf1 Qd4 24. Ngf5+ 1-0

[Event "29. Erfurter Schachfestival 2019 - Meis"]
[Site "Erfurt"]
[Date "2019.12.30"]
[Round "8.17"]
[White "Hillmann, Michael"]
[Black "Schmitzer, Klaus"]
[Result "0-1"]
[WhiteElo "2144"]
[BlackElo "2217"]
[Annotator "Ruether,Rudolf"]
[PlyCount "82"]
[EventDate "2019.12.26"]

1. d4 e6 2. c4 b6 3. a3 Bb7 4. Nf3 f5 5. g3 a5 6. Bg2 Nf6 7. O-O {(=)} Be7 8.
Nc3 O-O 9. d5 Na6 10. Nd4 Nc5 11. Bf4 Nh5 12. Bd2 Bf6 13. e3 g6 14. Nde2 Bg7
15. Qc2 a4 16. Rad1 e5 17. e4 f4 18. Bf3 Bh6 19. Bxh5 gxh5 20. gxf4 Bxf4 21.
Bxf4 exf4 22. f3 Kh8 23. Kh1 Qf6 24. Nb5 c6 25. Nbd4 cxd5 26. cxd5 Rac8 27. Qd2
Ba6 28. Qb4 Rg8 29. Nb5 Rg6 30. Rg1 Rcg8 31. Ned4 Nd3 32. Qd2 Ne5 33. Qf2 Rc8
34. Qe2 Rc5 35. Rc1 Qf8 36. Rc3 Rxc3 37. bxc3 Qc5 38. Rb1 Nc4 39. Rb4 Nxa3 40.
Qb2 Nxb5 41. Rxb5 Qc4 0-1

[Event "29. Erfurter Schachfestival 2019 - Meis"]
[Site "Erfurt"]
[Date "2019.12.30"]
[Round "8.18"]
[White "Rahimi, Rahim"]
[Black "Schmücker, Marcus"]
[Result "0-1"]
[WhiteElo "1945"]
[BlackElo "2210"]
[PlyCount "68"]
[EventDate "2019.12.26"]

1. c4 Nf6 2. b3 e6 3. Bb2 d5 4. e3 Be7 5. f4 c5 6. Nf3 Nc6 7. Be2 O-O 8. O-O d4
9. exd4 cxd4 10. d3 Qc7 11. g3 Ng4 12. Qc1 e5 13. fxe5 Ngxe5 14. Na3 Bg4 15.
Rd1 Rad8 16. Nc2 Rfe8 17. Re1 Bf5 18. Qf4 Nxf3+ 19. Qxf3 Bg6 20. Bf1 Nb4 21.
Nxb4 Bxb4 22. Rxe8+ Rxe8 23. Qf2 Rd8 24. a3 Bc3 25. Rc1 Bxb2 26. Qxb2 Qe7 27.
b4 Qe3+ 28. Kg2 Bxd3 29. Bxd3 Qxd3 30. c5 Re8 31. Rc2 Qe4+ 32. Kg1 Qe1+ 33. Kg2
d3 34. Rf2 Re2 0-1

[Event "29. Erfurter Schachfestival 2019 - Meis"]
[Site "Erfurt"]
[Date "2019.12.30"]
[Round "8.19"]
[White "Strache, Michael"]
[Black "Popist, Florian"]
[Result "0-1"]
[WhiteElo "2301"]
[BlackElo "2076"]
[PlyCount "102"]
[EventDate "2019.12.26"]

1. c4 e6 2. Nf3 d5 3. b3 Nf6 4. Bb2 Be7 5. g4 Nxg4 6. Rg1 Bf6 7. d4 Nh6 8. Nc3
g6 9. e4 dxe4 10. Nxe4 Bg7 11. Qd3 O-O 12. h4 Nf5 13. h5 Nc6 14. hxg6 hxg6 15.
Rd1 Qe7 16. Ng3 e5 17. dxe5 Nxe5 18. Nxe5 Bxe5 19. Bxe5 Qxe5+ 20. Be2 Re8 21.
Kf1 Nxg3+ 22. Rxg3 Bf5 23. Qf3 Be4 24. Qe3 Qb2 25. Qd2 Qxd2 26. Rxd2 Rad8 27.
Rb2 Rd4 28. Rc3 Red8 29. Ke1 Bd3 30. Kf1 Bxe2+ 31. Kxe2 c5 32. b4 cxb4 33. Rxb4
b6 34. a3 Rc8 35. c5 Rxc5 36. Rxc5 bxc5 37. Rxd4 cxd4 38. Kd3 g5 39. Kxd4 Kg7
40. Ke5 Kg6 41. a4 a5 42. Kd5 g4 43. Ke5 Kg5 44. Ke4 f6 45. Ke3 f5 46. Ke2 Kf4
47. Ke1 Kf3 48. Kf1 g3 49. fxg3 Kxg3 50. Kg1 f4 51. Kf1 Kf3 0-1

[Event "29. Erfurter Schachfestival 2019 - Meis"]
[Site "Erfurt"]
[Date "2019.12.30"]
[Round "8.20"]
[White "Köhler, Lukas"]
[Black "Kaiser, Dieter"]
[Result "0-1"]
[WhiteElo "2071"]
[BlackElo "2228"]
[PlyCount "50"]
[EventDate "2019.12.26"]

1. e4 c5 2. Nf3 e6 3. d4 cxd4 4. Nxd4 Nf6 5. Nc3 d6 6. Bg5 Be7 7. Qd2 a6 8.
O-O-O O-O 9. f3 Qc7 10. Kb1 b5 11. a3 Rd8 12. g4 Nc6 13. Nxc6 Qxc6 14. Rg1 Rd7
15. Bd3 Rb8 16. f4 b4 17. axb4 Rxb4 18. e5 dxe5 19. fxe5 Nd5 20. Na2 Rdb7 21.
b3 Bf8 22. Qc1 Nc3+ 23. Ka1 Ra4 24. bxa4 Qxa4 25. Bc4 Qxc4 0-1

[Event "29. Erfurter Schachfestival 2019 - Meis"]
[Site "Erfurt"]
[Date "2019.12.30"]
[Round "8.21"]
[White "Schlick, Stefan"]
[Black "Behrens, Harald"]
[Result "1/2-1/2"]
[WhiteElo "1997"]
[BlackElo "2222"]
[Annotator "Ruether,Rudolf"]
[PlyCount "84"]
[EventDate "2019.12.26"]

1. d4 Nf6 2. c4 e6 3. Nc3 Bb4 4. Qc2 d5 5. a3 Bxc3+ 6. Qxc3 O-O 7. Nf3 a5 8.
Bg5 c6 9. e3 Nbd7 10. Bd3 a4 11. O-O Qa5 12. Qc2 h6 13. Bh4 Re8 14. Rac1 dxc4
15. Bxc4 Nh7 16. Bd3 Nhf8 17. Bg3 f6 18. Nd2 Qh5 19. Ne4 e5 20. Nd6 Re7 21.
Nxc8 Rxc8 22. Qxa4 Kh8 23. Qb4 c5 24. dxc5 Qe8 25. Qb5 Rc7 26. b4 Qa8 27. a4
Nb8 28. Rfd1 Ne6 29. Bc4 Na6 30. Bb3 Nd8 31. Qc4 Nc6 32. Qb5 Naxb4 33. f3 Red7
34. Be1 Na6 35. Rxd7 Rxd7 36. Ba5 Qe8 37. Rd1 Rxd1+ 38. Bxd1 Qe7 39. Bb6 Qd7
40. Be2 Nab4 41. Bf1 f5 42. Qe2 e4 {Rest unleserlich} 1/2-1/2

[Event "29. Erfurter Schachfestival 2019 - Meis"]
[Site "Erfurt"]
[Date "2019.12.30"]
[Round "8.22"]
[White "Heyder, Florian"]
[Black "Heinke, Jasper"]
[Result "1-0"]
[WhiteElo "2205"]
[BlackElo "2066"]
[PlyCount "59"]
[EventDate "2019.12.26"]

1. e4 e6 2. d3 d5 3. Nd2 c5 4. g3 Nc6 5. Bg2 Nf6 6. Ngf3 Be7 7. O-O O-O 8. Re1
b5 9. e5 Nd7 10. Nf1 a5 11. h4 b4 12. N1h2 Ba6 13. Bf4 c4 14. d4 a4 15. Ng5 Qb6
16. Be3 Rab8 17. Qh5 Bxg5 18. hxg5 Qd8 19. Ng4 a3 20. bxa3 Bb5 21. Nf6+ Nxf6
22. gxf6 gxf6 23. Bh6 f5 24. Bxd5 exd5 25. Qxf5 Ne7 26. Qf6 Nf5 27. Qxf5 Rb6
28. e6 Rxe6 29. Rxe6 fxe6 30. Qxe6+ 1-0

[Event "29. Erfurter Schachfestival 2019 - Meis"]
[Site "Erfurt"]
[Date "2019.12.30"]
[Round "8.23"]
[White "Sobolevsky, Leonid"]
[Black "Easwaralingam, Adesh"]
[Result "1-0"]
[WhiteElo "2178"]
[BlackElo "2045"]
[Annotator "Ruether,Rudolf"]
[PlyCount "60"]
[EventDate "2019.12.26"]

1. e4 c5 2. Nf3 e6 3. d4 cxd4 4. Nxd4 Nc6 5. Nc3 Qc7 6. Be3 a6 7. a3 Nf6 8. f4
Nxd4 9. Bxd4 Qxf4 10. g3 Qc7 11. e5 Nd5 12. Ne4 b5 13. Bd3 Bb7 14. O-O Be7 15.
Qg4 g6 16. Rf2 O-O 17. Raf1 d6 18. Nf6+ Bxf6 19. exf6 e5 20. Bc3 Nxc3 21. bxc3
Rfd8 22. Qg5 Qc6 23. Rf3 Qe8 24. Rf5 Qf8 25. Qh4 e4 26. Be2 Kh8 27. Rg5 Rac8
28. Rf4 Rc5 29. Rfg4 Rxg5 30. Rxg5 Re8 {Rest unleserlich} 1-0

[Event "29. Erfurter Schachfestival 2019 - Meis"]
[Site "Erfurt"]
[Date "2019.12.30"]
[Round "8.24"]
[White "Barthel, Ansgar"]
[Black "Schulte, Felix"]
[Result "0-1"]
[WhiteElo "2052"]
[BlackElo "2126"]
[PlyCount "76"]
[EventDate "2019.12.26"]

1. e4 c5 2. Nf3 d6 3. d4 cxd4 4. Nxd4 Nf6 5. Nc3 e5 6. Bb5+ Bd7 7. Bxd7+ Qxd7
8. Nf5 Nxe4 9. Nxg7+ Bxg7 10. Nxe4 d5 11. Ng3 Nc6 12. Bg5 f6 13. Qh5+ Qf7 14.
Nf5 Bf8 15. Qxf7+ Kxf7 16. Bh4 Ke6 17. g4 h5 18. h3 Nb4 19. Kd2 Bh6+ 20. Nxh6
Rxh6 21. g5 fxg5 22. Bxg5 Rg6 23. h4 Rf8 24. c3 Nc6 25. Ke2 e4 26. Rag1 Ne5 27.
Be3 Ng4 28. Bxa7 Ra8 29. Bc5 Rxa2 30. Ba3 Rf6 31. Rg2 Rf3 32. Kd2 d4 33. Kc2
Rxc3+ 34. Kb1 Rcxa3 35. bxa3 Rxf2 36. Rxf2 Nxf2 37. Rg1 d3 38. Kc1 e3 0-1

[Event "29. Erfurter Schachfestival 2019 - Meis"]
[Site "Erfurt"]
[Date "2019.12.30"]
[Round "8.25"]
[White "Schupp, Uwe"]
[Black "Schmid, Anton"]
[Result "0-1"]
[WhiteElo "2098"]
[BlackElo "1783"]
[PlyCount "110"]
[EventDate "2019.12.26"]

1. g3 d5 2. Nf3 Nf6 3. Bg2 c5 4. c4 d4 5. d3 Nc6 6. O-O g6 7. e3 Bg7 8. e4 h5
9. Bg5 Qc7 10. Na3 e5 11. Nc2 Nd8 12. b4 b6 13. bxc5 bxc5 14. Na3 a6 15. Rb1
Ne6 16. Bd2 h4 17. Qa4+ Bd7 18. Qa5 Qxa5 19. Bxa5 h3 20. Bh1 Ng8 21. Rb6 Ne7
22. Rfb1 Nc6 23. Be1 Ke7 24. Nd2 Nb4 25. Bf3 Nxd3 26. Bg4 Nxe1 27. Rxe1 Rhb8
28. Reb1 Rxb6 29. Rxb6 Nd8 30. Be2 Nc6 31. Nb3 Kd6 32. Nc1 Kc7 33. Rb2 Nb4 34.
Nc2 Nxc2 35. Rxc2 Rb8 36. Nb3 Kd6 37. Kf1 a5 38. Ke1 a4 39. Nd2 Bh6 40. Bd3 f5
41. f3 Bxd2+ 42. Rxd2 fxe4 43. fxe4 a3 44. Bc2 Be6 45. Bb3 Rf8 46. Rf2 Rxf2 47.
Kxf2 g5 48. Kf3 g4+ 49. Ke2 Kc7 50. Kd3 Bd7 51. Bd1 Kb6 52. Be2 Ka5 53. Kc2 Kb4
54. Kd2 Be6 55. Kc2 d3+ 0-1

[Event "29. Erfurter Schachfestival 2019 - Meis"]
[Site "Erfurt"]
[Date "2019.12.30"]
[Round "8.26"]
[White "Hundack, Rolf"]
[Black "Guenther, Thomas"]
[Result "1-0"]
[WhiteElo "2163"]
[BlackElo "1980"]
[Annotator "Ruether,Rudolf"]
[PlyCount "55"]
[EventDate "2019.12.26"]

1. c4 e5 2. Nc3 Nc6 3. g3 Nf6 4. Bg2 Bb4 5. Nf3 O-O 6. O-O d6 7. d3 h6 8. h3
Be6 9. Bd2 d5 10. cxd5 Nxd5 11. Nxd5 Bxd2 12. Nxc7 Qxc7 13. Qxd2 Qd7 14. Kh2
Rfd8 15. Rfc1 f6 16. Rc3 Qf7 17. b3 a5 18. Rac1 a4 19. b4 Bxa2 20. b5 Na5 21.
Rc7 Qe6 22. Nh4 Bd5 23. Bxd5 Qxd5 24. e4 Rd7 25. Rc8+ Rxc8 26. Rxc8+ Kh7 27.
Qxa5 g5 28. Nf5 {Zeitüberschreitung} 1-0

[Event "29. Erfurter Schachfestival 2019 - Meis"]
[Site "Erfurt"]
[Date "2019.12.30"]
[Round "8.27"]
[White "Röhr, Oliver"]
[Black "Payyappat, Sreyas"]
[Result "0-1"]
[WhiteElo "2028"]
[BlackElo "2166"]
[PlyCount "46"]
[EventDate "2019.12.26"]

1. e4 e5 2. Nf3 Nc6 3. d4 exd4 4. Nxd4 Bc5 5. Nb3 Bb6 6. Nc3 d6 7. Qe2 Ne5 8.
Be3 Be6 9. f4 Bc4 10. Qd2 Bxf1 11. Bxb6 Nc4 12. Qd4 Bxg2 13. Qxg7 axb6 14.
O-O-O Qf6 15. Qxg2 Ne3 16. Qg3 Nxd1 17. Rxd1 Ne7 18. e5 dxe5 19. fxe5 Qh6+ 20.
Kb1 Rd8 21. Rf1 Qh5 22. Ne4 Rd1+ 23. Nc1 Rxf1 0-1

[Event "29. Erfurter Schachfestival 2019 - Meis"]
[Site "Erfurt"]
[Date "2019.12.30"]
[Round "8.28"]
[White "Cordes, Klaus"]
[Black "Petri, Wolfgang"]
[Result "1-0"]
[WhiteElo "2118"]
[BlackElo "2023"]
[Annotator "Ruether,Rudolf"]
[PlyCount "101"]
[EventDate "2019.12.26"]

1. d4 Nf6 2. Nf3 e6 3. c4 b6 4. a3 a5 5. Nc3 Be7 6. e4 Bb7 7. d5 exd5 8. exd5
O-O 9. Be2 d6 10. O-O Re8 11. Nd4 Nbd7 12. b3 Bf8 13. Bd3 g6 14. Bb2 Bg7 15.
Bc2 Nc5 16. Rb1 Nfe4 17. Nxe4 Nxe4 18. Re1 Nf6 19. Rxe8+ Qxe8 20. Qd3 Qd7 21.
h3 Re8 22. Nf3 Re7 {(=)} 23. Bd4 Nh5 24. Bxg7 Nxg7 25. Qd4 Qe8 26. Bd3 Bc8 27.
Qf6 Qf8 28. Kh2 Ne8 29. Qh4 f6 30. b4 axb4 31. axb4 Ng7 32. Nd4 Re5 33. Nc6 Rh5
34. Qd4 Bf5 35. g4 Rh4 36. Kg3 Nh5+ 37. Kh2 Bxd3 38. Qxd3 Nf4 39. Qe4 Rxh3+ 40.
Kg1 g5 41. Ra1 Rc3 42. f3 Nh3+ 43. Kf1 Nf4 44. Ra7 Rc1+ 45. Kf2 Nh3+ 46. Ke2
Ng1+ 47. Kd2 Rf1 48. Rxc7 Nxf3+ 49. Kc3 f5 50. Qe6+ Kh8 51. Rc8 1-0

[Event "29. Erfurter Schachfestival 2019 - Meis"]
[Site "Erfurt"]
[Date "2019.12.30"]
[Round "8.30"]
[White "Dehn, Marcus"]
[Black "Höhn, Michael"]
[Result "0-1"]
[WhiteElo "2110"]
[BlackElo "2018"]
[PlyCount "50"]
[EventDate "2019.12.26"]

1. d4 Nf6 2. e3 g6 3. Nf3 Bg7 4. Be2 O-O 5. O-O d6 6. Nbd2 Nbd7 7. Nc4 c6 8. a4
Qc7 9. a5 d5 10. Nce5 Nxe5 11. Nxe5 c5 12. Nd3 Nd7 13. Nf4 e6 14. h4 Rb8 15.
Ra4 b6 16. axb6 axb6 17. c4 dxc4 18. dxc5 b5 19. Ra2 Nxc5 20. Bd2 Rd8 21. Qe1
Nb3 22. Bc3 e5 23. Nh3 Bxh3 24. gxh3 Qe7 25. h5 b4 0-1

[Event "29. Erfurter Schachfestival 2019 - Meis"]
[Site "Erfurt"]
[Date "2019.12.30"]
[Round "8.32"]
[White "Böhm, Christian"]
[Black "Maiwald, Harald"]
[Result "1/2-1/2"]
[WhiteElo "2090"]
[BlackElo "2005"]
[PlyCount "34"]
[EventDate "2019.12.26"]

1. d4 Nf6 2. c4 c5 3. d5 g6 4. Nc3 Bg7 5. e4 d6 6. Bd3 O-O 7. h3 Na6 8. Nf3 Nc7
9. O-O Rb8 10. Re1 a6 11. e5 dxe5 12. Nxe5 Nd7 13. Bf4 Nxe5 14. Bxe5 Bxe5 15.
Rxe5 b5 16. Qe2 bxc4 17. Bxc4 e6 1/2-1/2

[Event "29. Erfurter Schachfestival 2019 - Meis"]
[Site "Erfurt"]
[Date "2019.12.30"]
[Round "8.34"]
[White "Sauer, Marko"]
[Black "Schröter, Maik"]
[Result "1-0"]
[WhiteElo "2053"]
[BlackElo "1943"]
[Annotator "Ruether,Rudolf"]
[PlyCount "83"]
[EventDate "2019.12.26"]

1. d4 Nf6 {(=)} 2. c4 e6 3. Nc3 Bb4 4. Qc2 c5 5. a3 Qa5 6. e3 Nc6 7. Nf3 cxd4
8. exd4 e5 9. dxe5 Nxe5 10. Be2 Nxf3+ 11. Bxf3 O-O 12. Bd2 Re8+ 13. Ne2 Bxd2+
14. Qxd2 Qxd2+ 15. Kxd2 d5 16. cxd5 Nxd5 17. Rad1 Be6 18. Nd4 Rad8 19. Nxe6
Rxe6 20. Kc1 Red6 21. Rd4 Nf6 22. Rxd6 Rxd6 23. Bxb7 g5 24. f3 Rd7 25. Ba6 h5
26. Re1 Kg7 27. Re5 g4 28. Be2 Kg6 29. Kc2 Rc7+ 30. Kd2 gxf3 31. gxf3 h4 32. f4
Rd7+ 33. Ke3 Nd5+ 34. Kf3 f6 35. Re8 Rb7 36. Bd3+ Kg7 37. b4 Rc7 38. Rd8 Ne7
39. Kg4 Ng6 40. Bxg6 Kxg6 41. Rd3 Rc4 42. Rf3 1-0

[Event "29. Erfurter Schachfestival 2019 - Meis"]
[Site "Erfurt"]
[Date "2019.12.30"]
[Round "8.35"]
[White "King, Alexander"]
[Black "Schulze, Mario"]
[Result "1/2-1/2"]
[WhiteElo "2052"]
[BlackElo "1911"]
[PlyCount "20"]
[EventDate "2019.12.26"]

1. Nf3 Nf6 2. c4 g6 3. b3 Bg7 4. Bb2 O-O 5. g3 b6 6. Bg2 Bb7 7. O-O c5 8. e3 d6
9. d4 cxd4 10. Nxd4 Bxg2 1/2-1/2

[Event "29. Erfurter Schachfestival 2019 - Meis"]
[Site "Erfurt"]
[Date "2019.12.30"]
[Round "8.36"]
[White "Tenold, Andreas"]
[Black "Kroneder, Christian"]
[Result "1/2-1/2"]
[WhiteElo "1926"]
[BlackElo "2045"]
[Annotator "Ruether,Rudolf"]
[PlyCount "38"]
[EventDate "2019.12.26"]

1. e4 c5 2. Nf3 d6 3. Bb5+ Nd7 4. Ba4 g6 5. c4 Bg7 6. O-O Ngf6 7. Nc3 O-O 8. d4
cxd4 9. Nxd4 Nc5 10. Bc2 Ne6 11. Be3 Ng4 12. Nxe6 Nxe3 13. Nxd8 Nxd1 14. Nxd1
Rxd8 15. Rc1 Be6 16. b3 Rac8 17. Ne3 Rd7 18. Bd3 Rdd8 19. Nd5 Bxd5 {(=)}
1/2-1/2

[Event "29. Erfurter Schachfestival 2019 - Meis"]
[Site "Erfurt"]
[Date "2019.12.30"]
[Round "8.37"]
[White "Haack, Kevin"]
[Black "Reucker, Friedrich"]
[Result "1/2-1/2"]
[WhiteElo "2042"]
[BlackElo "1945"]
[PlyCount "52"]
[EventDate "2019.12.26"]

1. c4 Nf6 2. g3 e6 3. Bg2 d5 4. Nf3 Be7 5. O-O O-O 6. b3 b6 7. Bb2 c5 8. e3 Bb7
9. d3 Nc6 10. Qe2 Qc7 11. Nbd2 Rfd8 12. Rad1 Rac8 13. Rfe1 a6 14. h4 b5 15. Nh2
dxc4 16. bxc4 Nb4 17. Ndf3 bxc4 18. dxc4 Be4 19. Ne5 Bxg2 20. Kxg2 Rxd1 21.
Rxd1 Rd8 22. a3 Qb7+ 23. Nhf3 Rxd1 24. Qxd1 Nc6 25. Qa4 Nxe5 26. Bxe5 Nd7
1/2-1/2

[Event "29. Erfurter Schachfestival 2019 - Meis"]
[Site "Erfurt"]
[Date "2019.12.30"]
[Round "8.38"]
[White "Nicolai, Tim"]
[Black "Wachsmann, Dietmar"]
[Result "0-1"]
[WhiteElo "1913"]
[BlackElo "2032"]
[PlyCount "28"]
[EventDate "2019.12.26"]

1. e4 d6 2. Nc3 Nf6 3. f4 c5 4. Nf3 Nc6 5. Bb5 Qc7 6. a4 a6 7. Bc4 Bg4 8. h3
Bxf3 9. Qxf3 Nd4 10. Qd3 e6 11. O-O Be7 12. Ba2 Rd8 13. Nd1 d5 14. e5 c4 0-1

[Event "29. Erfurter Schachfestival 2019 - Meis"]
[Site "Erfurt"]
[Date "2019.12.30"]
[Round "8.39"]
[White "Held, Carsten"]
[Black "Schuffenhauer, Robert"]
[Result "1/2-1/2"]
[WhiteElo "2082"]
[BlackElo "1905"]
[PlyCount "50"]
[EventDate "2019.12.26"]

1. Nf3 d5 2. c4 e6 3. g3 Nf6 4. Bg2 c6 5. b3 Be7 6. Bb2 O-O 7. O-O Nbd7 8. d3
b6 9. Nbd2 Bb7 10. e3 Nc5 11. Qe2 dxc4 12. dxc4 Qd3 13. Nd4 e5 14. Qxd3 Nxd3
15. Nf5 Bb4 16. a3 Bxd2 17. Rfd1 Nxb2 18. Rxd2 Nxc4 19. bxc4 Rfd8 20. Rxd8+
Rxd8 21. Ne7+ Kf8 22. Nxc6 Bxc6 23. Bxc6 Rd6 24. Bb7 Rd7 25. Ba8 Rd8 1/2-1/2

[Event "29. Erfurter Schachfestival 2019 - Meis"]
[Site "Erfurt"]
[Date "2019.12.30"]
[Round "8.40"]
[White "Schenk, Stefan"]
[Black "Hornung, Hans"]
[Result "0-1"]
[WhiteElo "2009"]
[BlackElo "2080"]
[PlyCount "76"]
[EventDate "2019.12.26"]

1. e4 c5 2. c3 e6 3. d3 d5 4. Nd2 Nc6 5. Ngf3 g6 6. g3 Bg7 7. Bg2 Nge7 8. O-O
b6 9. Rb1 a5 10. a4 Ba6 11. exd5 Nxd5 12. Nc4 O-O 13. Bg5 Qc7 14. Qc1 Rfe8 15.
Bh6 Bh8 16. Qc2 Rad8 17. Rbd1 e5 18. Rfe1 Bc8 19. Na3 Bf5 20. Nh4 Be6 21. h3
Bg7 22. Bxg7 Kxg7 23. Kh2 f6 24. Nb5 Qf7 25. Nf3 g5 26. Nd2 Bf5 27. Nc4 Qe6 28.
Bxd5 Qxd5 29. Nc7 Qxc4 30. Nxe8+ Rxe8 31. dxc4 Bxc2 32. Rd6 Rc8 33. Rd7+ Kg6
34. Rb7 Rb8 35. Rc7 Nd8 36. b4 axb4 37. cxb4 cxb4 38. Ra1 b3 0-1